Central Library OPAC University of Rajshahi

International human rights law : (Record no. 80182)

MARC details
000 -LEADER
fixed length control field 00852nam a2200265 a 4500
001 - CONTROL NUMBER
control field 80182
003 - CONTROL NUMBER IDENTIFIER
rucl marc code BD-RjUL
005 - DATE AND TIME OF LATEST TRANSACTION
control field 20220807123922.0
008 - FIXED-LENGTH DATA ELEMENTS--GENERAL INFORMATION
fixed length control field 220807r20112010ii a b 001 0 eng|d
020 ## - INTERNATIONAL STANDARD BOOK NUMBER
International Standard Book Number 9781107641556
035 ## - SYSTEM CONTROL NUMBER
System control number (BD-RjUL)80182
040 ## - CATALOGING SOURCE
Original cataloging agency StDuBDS
Language of cataloging eng
Transcribing agency StDuBDS
Modifying agency BD-RjUL
041 ## - LANGUAGE CODE
Language code of text/sound track or separate title eng
082 04 - DEWEY DECIMAL CLASSIFICATION NUMBER
Edition number 22
Classification number 341.48
Author mark and year SCI 2011
100 1# - MAIN ENTRY--PERSONAL NAME
Personal name Schutter, Olivier de.
9 (RLIN) 4324
245 10 - TITLE STATEMENT
Title International human rights law :
Remainder of title cases, materials, commentary /
Statement of responsibility, etc. Olivier De Schutter.
250 ## - EDITION STATEMENT
Edition statement 1st. South Asian ed.
260 ## - PUBLICATION, DISTRIBUTION, ETC. (IMPRINT)
Place of publication, distribution, etc. Cambridge :
Name of publisher, distributor, etc. Cambridge University Press,
Date of publication, distribution, etc. 2011.
300 ## - PHYSICAL DESCRIPTION
Pagination lxiv, 967 p. :
Illustrations ill. ;
Size 26 cm.
504 ## - BIBLIOGRAPHY, ETC. NOTE
Bibliography, etc Includes bibliographical references and index.
650 #0 - SUBJECT ADDED ENTRY--TOPICAL TERM
Topical term or geographic name as entry element Human rights.
Topical term or geographic name as entry element Human rights
Form subdivision Cases.
9 (RLIN) 4325
Topical term or geographic name as entry element Human rights
General subdivision Criminal provisions.
9 (RLIN) 4326
942 ## - ADDED ENTRY ELEMENTS (KOHA)
Source of classification or shelving scheme Dewey Decimal Classification
Koha item type Books
Holdings
Lost status Source of classification or shelving scheme Damaged status Not for loan Collection code Permanent Location Current Location Shelving location Date acquired Source of acquisition Cost, normal purchase price Total Checkouts Full call number Date last seen Copy number Koha item type
  Dewey Decimal Classification   Not For Loan Non-fiction Central Library, University of Rajshahi Central Library, University of Rajshahi Reading Room 30/05/2022 Paragon Enterprise, Dhaka 2202.00   341.48 SCI 2011 07/08/2022 C-1 Books